000 01669nam0a22002651 4500
001 rc\4463619
005 20260407155915.0
021 _aRU
_b[67-49502]
035 _a(NLR Aleph) 008592434
090 _a8652165
_c8652165
100 _a20130416d1967 |||y0rusy50 ca
101 0 _arus
102 _aRU
105 _ay z |||||
200 1 _aПротокол и решение
_fМ-во сел. хоз-ва СССР. Всесоюз. науч.-исслед. ин-т механизации сел. хоз-ва "ВИМ". М-во тракт. и с.-х. машиностроения. Всесоюз. объединение "Союзсельхозтехника" Совета Министров СССР. Всесоюз. ордена Ленина акад. с.-х. наук им. В.И. Ленина "ВАСХНИЛ". Всесоюз. семинар-совещание по проблеме "Науч. основы повышения рабочих скоростей машинно-тракт. агрегатов". 23-28 декабря 1966 г.
210 _aМосква
_cБ. и.
_d1967
215 _a50 с.
_d19
606 _aТракторные агрегаты
_xЭксплуатация
_2psbo
606 _aТракторы
_xСкорость движения
_2psbo
710 1 2 _aВсесоюзное совещание по проблеме "Научные основы повышения рабочих скоростей движения машинно-тракторных агрегатов"
_f1966
_eМосква
_3RU\NLR\AUTH\8810097390
_9695872
801 0 _aRU
_bNLR
_gpsbo
801 1 _aRU
_bELAR
_2rusmarc
852 _aNLR
_j67-4/12430
942 _cBOOK
980 _aNB